Los 100 fichajes más caros de la historia del fútbol - Estadísticas

Estadísticas generales
  • Esta prueba ha sido intentada 126 veces
  • La puntuación promedio es 69 de 100
Estadísticas de respuestas
Nacionalidad Temporada Nuevo club Coste Respuesta % Correcto
1 Brasil 2017/2018 PSG 222,00 mill Neymar
99%
22 Brasil 2023/2024 Al-Hilal 90,00 mill Neymar
99%
24 Brasil 2013/2014 Barcelona 88,00 mill Neymar
99%
10 Portugal 2018/2019 Juventus 117,00 mill Cristiano Ronaldo
98%
20 Portugal 2009/2010 Real Madrid 94,00 mill Cristiano Ronaldo
98%
2 Francia 2018/2019 PSG 180,00 mill Kylian Mbappe
96%
4 Francia 2017/2018 Barcelona 135,00 mill Ousmane Dembélé
95%
5 Portugal 2019/2020 Atlético Madrid 127,20 mill Joao Félix
93%
7 Bélgica 2019/2020 Real Madrid 120,80 mill Eden Hazard
92%
6 Argentina 2022/2023 Chelsea 121,00 mill Enzo Fernández
92%
16 Gales 2013/2014 Real Madrid 101,00 mill Gareth Bale
92%
13 Inglaterra 2023/2024 Real Madrid 113,00 mill Jude Bellingham
91%
3 Brasil 2017/2018 Barcelona 135,00 mill Philippe Coutinho
91%
8 Francia 2019/2020 Barcelona 120,00 mill Antoine Griezmann
90%
33 Uruguay 2014/2015 Barcelona 81,72 mill Luis Suárez
88%
15 Francia 2016/2017 Manchester United 105,00 mill Paul Pogba
88%
17 Inglaterra 2023/2024 Bayern Munich 95,00 mill Harry Kane
87%
42 Francia 2000/2001 Real Madrid 77,50 mill Zinédine Zidane
87%
14 Bélgica 2021/2022 Chelsea 113,00 mill Romelu Lukaku
86%
30 Bélgica 2017/2018 Manchester United 84,70 mill Romelu Lukaku
86%
50 Bélgica 2019/2020 Inter 74,00 mill Romelu Lukaku
86%
11 Inglaterra 2023/2024 Arsenal 116,60 mill Declan Rice
85%
59 España 2019/2020 Manchester City 70,00 mill Rodri
85%
9 Inglaterra 2021/2022 Manchester City 117,50 mill Jack Grealish
83%
45 Argentina 2023/2024 Atlético Madrid 75,00 mill Julián Alvarez
83%
61 Marruecos 2021/2022 PSG 68,00 mill Achraf Hakimi
82%
49 Argentina 2014/2015 Manchester United 75,00 mil Ángel Di María
82%
78 Argentina 2015/2016 PSG 63,00 mill Ángel Di María
82%
28 Uruguay 2022/2023 Liverpool 85,00 mill Darwin Núñez
82%
92 Noruega 2022/2023 Manchester City 60,00 mill Erling Haaland
82%
48 Colombia 2014/2015 Real Madrid 75,00 mill James Rodríguez
82%
44 Bélgica 2015/2016 Manchester City 76,00 mill Kevin De Bruyne
82%
26 Países Bajos 2019/2020 Barcelona 86,00 mill Frenkie de Jong
81%
21 Croacia 2023/2024 Manchester City 90,00 mill Josko Gvardiol
81%
12 Ecuador 2023/2024 Chelsea 116, 00 mill Moisés Caicedo
81%
60 Suecia 2009/2010 Barcelona 69,50 mill Zlatan Ibráhimovic
79%
58 Suecia 2022/2023 Newcastle 70,00 mill Alexander Isak
77%
36 Francia 2022/2023 Real Madrid 80,00 mill Aurelién Tchouaméni
77%
23 Argentina 2016/2017 Juventus 90,00 millj Gonzalo Higuaín
77%
27 Países Bajos 2019/2020 Juventus 85,50 mill Matthijs de Ligt
77%
63 Países Bajos 2022/2023 Bayern Munich 67,00 mill Matthijs de Ligt
77%
19 Brasil 2022/2023 Manchester United 95,00 mill Antony
76%
98 Portugal 2000/2001 Real Madrid 60,00 mill Luís Figo
76%
53 Portugal 2020/2021 Manchester City 71,60 mill Rubén Dias
75%
31 Países Bajos 2017/2018 Liverpool 84,65 mill Virgil van Dijk
75%
62 Argelia 2018/2019 Manchester City 67,80 mill Riyad Mahrez
73%
57 Ucrania 2022/2023 Chelsea 70,00 mill Mykhaylo Mudryk
72%
41 Nigeria 2020/2021 Napoli 77,50 mill Victor Osimhen
72%
32 Serbia 2021/2022 Juventus 83,50 mill Dušan Vlahović
71%
71 Uruguay 2013/2014 PSG 64,50 mill Edinson Cavani
71%
37 Alemania 2020/2021 Chelsea 80,00 mill Kai Havertz
71%
47 Alemania 2023/2024 Arsenal 75,00 mill Kai Havertz
71%
77 Serbia 2019/2020 Real Madrid 63,00 mill Luka Jović
71%
93 Bosnia y Herzegovina 2020/2021 Barcelona 60,00 mill Miralem Pjanić
71%
75 Gabón 2017/2018 Arsenal 63,75 mill Pierre-Emerick Aubameyang
71%
54 Brasil 2022/2023 Manchester United 70,65 mill Casemiro
70%
56 Hungría 2023/2024 Liverpool 70,00 mill Dominik Szoboszlai
70%
25 Inglaterra 2019/2020 Manchester United 87,00 mill Harry Maguire
70%
64 Brasil 2009/2010 Real Madrid 67,00 mill Kaká
70%
55 Georgia 2024/2025 PSG 70,00 mill Khvicha Kvaratskhelia
70%
66 España 2022/2023 Chelsea 65,30 mill Marc Cucurella
70%
65 España 2017/2018 Chelsea 66,00 mill Álvaro Morata
69%
68 Portugal 2019/2020 Manchester United 65,00 mill Bruno Fernandes
67%
74 Estados Unidos 2018/2019 Chelsea 64,00 mill Christian Pulisic
67%
46 Egipto 2024/2025 Manchester City 75,00 mill Omar Marmoush
67%
52 Francia 2018/2019 Atlético Madrid 72,00 mill Thomas Lemar
67%
51 Dinamarca 2023/2024 Manchester United 73,90 mill Rasmus Højlund
65%
39 Costa de Marfil 2019/2020 Arsenal 80,00 mill Nicolas Pépé
63%
95 España 2017/2018 Atlético Madrid 60,00 mill Diego Costa
61%
91 Bélgica 2023/2024 Manchester City 60,00 mill Jérémy Doku
61%
99 Portugal 2024/2025 PSG 59,92 mill João Neves
58%
40 España 2018/2019 Chelsea 80,00 mill Kepa Arrizabalaga
58%
18 Francia 2023/2024 PSG 95,00 mill Kolo Muani
58%
43 Colombia 2024/2025 Al-Nassr 77,00 mill John Durán
57%
67 Portugal 2023/2024 PSG 65,00 mill Gonçalo Ramos
55%
69 Portugal 2019/2020 Manchester City 65,00 mill João Cancelo
55%
94 Guinea 2018/2019 Liverpool 60,00 mill Naby Keïta
54%
96 Brasil 2016/2017 Shanghai Port 60,00 mill Oscar
54%
38 Francia 2019/2020 Bayern Munich 80,00 mill Lucas Hernández
53%
88 Uruguay 2023/2024 PSG 60,00 mill Manuel Ugarte
53%
79 Brasil 2018/2019 Liverpool 62,50 mill Alisson
51%
29 Inglaterra 2021/2022 Manchester United 85,00 mill Jadon Sancho
51%
97 Francia 2015/2016 Manchester United 60,00 mill Anthony Martial
48%
70 España 2017/2018 Manchester City 65,00 mill Aymeric Laporte
47%
73 Inglaterra 2023/2024 Manchester United 64,20 mill Mason Mount
46%
76 Inglaterra 2015/2016 Manchester City 63,70 mill Raheem Sterling
46%
86 España 2024/2025 Manchester City 60,00 mill Nico Gónzalez
45%
100 Bélgica 2024/2025 Aston Villa 59,35 mill Amadou Onana
44%
82 Portugal 2023/2024 Manchester City 62,00 mill Matheus Nunes
44%
87 Francia 2023/2024 Chelsea 60,00 mill Christopher Nkunku
43%
34 Brasil 2020/2021 Juventus 80,60 mill Arthur Melo
40%
83 Francia 2019/2020 Tottenham 62,00 mill Tanguy Ndombélé
39%
81 Francia 2024/2025 Manchester United 62,00 mill Leny Yoro
38%
90 Brasil 2023/2024 Al-Hilal 60,00 mill Malcom
37%
35 Francia 2022/2023 Chelsea 80,40 mill Wesley Fofana
37%
72 Inglaterra 2024/2025 Tottenham 64,30 mill Dominic Solanke
36%
85 Portugal 2024/2025 Chelsea 60,00 mill Pedro Neto
35%
80 Bélgica 2023/2024 Chelsea 62,10 mill Roméo Lavia
33%
84 Francia 2024/2025 Al-Ittihad 60,00 mill Moussa Diaby
28%
89 Portugal 2023/2024 Al-Nassr 60,00 mill Otávio
24%
No se encontraron pruebas coincidentes
Distribución de puntuación
Porcentaje de gente con cada puntuación
Porcentaje por número respondido
Historial de tus puntuaciones
No has intentado esta prueba.